Propuesta de densificación al tercer orden de la Red Geodésica Nacional en la zona del levantamiento catastral de Istarú
Furkejuvvon:
| Váldodahkki: | |
|---|---|
| Eará dahkkit: | , |
| Materiálatiipa: | Girji |
| Giella: | Spanish |
| Almmustuhtton: |
[San José, Costa Rica]
2011
|
| Fáttát: | |
| Fáddágilkorat: |
Lasit fáddágilkoriid
Eai fáddágilkorat, Lasit vuosttaš fáddágilkora!
|
MARC
| LEADER | 00000nam a2200000Ia 4500 | ||
|---|---|---|---|
| 003 | 010591 | ||
| 005 | 20230804102436.0 | ||
| 008 | 140114s2011 cr a 000 ||spa d | ||
| 040 | |c cru CEDI | ||
| 100 | |a Hidalgo Jiménez, Rolando José, 1957- |9 1004 | ||
| 245 | |a Propuesta de densificación al tercer orden de la Red Geodésica Nacional en la zona del levantamiento catastral de Istarú | ||
| 260 | |a [San José, Costa Rica] |c 2011 | ||
| 500 | |a Proyecto de graduación (licenciatura en ingeniería topográfica)--Universidad de Costa Rica. Facultad de Ingeniería. Escuela de Ingeniería Topográfica | ||
| 501 | |a Director de Proyecto de Graduación: Lic. José Francisco Valverde Calderón | ||
| 650 | |x ISTARU (LA UNION, TRES RÍOS, CARTAGO, COSTA RICA) |x LEVANTAMIENTOS TOPOGRAFICOS |x GEODESIA |x SISTEMAS DE INFORMACION GEOGRAFICA |x CATASTRO |x TOPOGRAFIA |x REDES (GEODESIA) |9 2388 | ||
| 700 | |a Carrillo Quirós, José Manuel, 1960- |9 1003 | ||
| 700 | |a Valverde Calderón, José Francisco |9 1005 |d Director del TFG | ||
| 942 | |c CEDI |h TFG 6423 |6 TFG_6423_000000000000000 | ||
| 999 | |c 15766 |d 15766 | ||
